000 00967nas a2200337 4500
001 BR0301935
003 BR-BrBNA
005 20231205103714.0
007 ta
008 230509b bl.|||p| |||| 00| 00por d
040 _aBR-BrBNA
_bpor
_cBiblioteca Nacional de Agricultura
041 _a(Pt)
072 _aL73; L50
100 1 _aSantin, A.P.I.
100 1 _aBrito, W.M.E.D. de
100 1 _aReischak, D.
100 1 _aBrito, L.A.B.
245 1 _aArtrite encefalite caprina: identificação de animais soropositivos no Estado de Goiás
650 _aCAPRINO
650 _aARTRITE
650 _aENCEFALITE
650 _aSORO-SANGUÍNEO
650 _aSANGUE
650 _aAMOSTRAGEM
650 _aANÁLISE QUÍMICA
650 _aMICROSCOPIA
650 _aGOIÁS
773 0 _tCiência Animal Brasileira (Brazil)
_xISSN 1518-2797
_g(Jan-Jun 2002), v. 3(1) p. 67-71
_wBR0301935
909 _a202311
_bLúcia
_c55
_dLúcia Elande
942 _2AGRIS
_n0
_cANA
999 _c174306
_d174306